000 00589nam a22001817a 4500
005 20150915122850.0
010 _aENG-113924
020 _c250.00
_a9789350450567
035 _aEN-97456
037 _bDBAD/PUB
_adpl
082 _a398.20954166
100 _aPachuau, Margaret L.
245 _aFolklore from Mizoram /
_cby Margaret L. Pachuau
260 _aCalcutta
_bWriters Workshop
_c2013
270 _a162/92, Lake Gardens,
_bCalcutta
_e700045
300 _a92p.
_c22cm(Hb)
942 _2ddc
_cEN
_mPAC
_h398.20954166
999 _c96536
_d96536